| 000 | 00433cam a22001217a 4500 | ||
|---|---|---|---|
| 008 | 180718b1934 xxu||||| |||| 00| 0 eng d | ||
| 082 | _aB135x5421 Ut8 | ||
| 245 |
_aBetter life in the village _cby Director of Publicity |
||
| 260 |
_aAllahabad _bThe Superintendent, Printing and Stationery _c1934 |
||
| 300 | _a2vols. | ||
| 500 | _aLibrary has v.2. Practical aids to rural uplift. 87p | ||
| 700 | _aUnited Provinces. Director of Publicity | ||
| 999 |
_c392984 _d392984 |
||